000
00395nam a22001577a 4500
005
20251108171117.0
008
250721s9999 xx 000 0 ara d
082
1
4
_a
ق/توم
100
1
_a
خوري، توما
245
1
0
_a
وصيفهن شتاء /
264
_b
دار المفيد،
_c
[19-].
300
_a
138ص
650
1
7
_a
الأدب العربي
942
_2
ddc
_c
BK
999
_c
56886
_d
56886